000
00224nam a22000857a 4500
008
161128b xxu||||| |||| 00| 0 eng d
100
_9
1487
_a
Ken ham
245
_a
The great dinosaure mystery
260
_a
America
_b
Master Books
_c
1998
999
_c
4212
_d
4212